Haiti City Quiz - Statistics

General Stats
  • This quiz has been taken 24 times
  • The average score is 3 of 8
Answer Stats
City % Correct
Port-au-Prince
95%
Cap-Haitien
58%
Gonaives
37%
Petionville
26%
Carrefour
21%
Delmas
16%
Saint-Marc
11%
Cite Soleil
0%
No matching quizzes found
Score Distribution
Percent of People with Each Score
Percentile by Number Answered
Your Score History
You have not taken this quiz